[Event "25th Czech Open A 2014"]
[Site "Pardubice CZE"]
[Date "2014.07.20"]
[Round "3.69"]
[White "Klecker, Tadeas"]
[Black "Nun, Jiri"]
[Result "0-1"]
[BlackTitle "IM"]
[WhiteElo "2167"]
[BlackElo "2351"]
[WhiteFideId "326950"]
[BlackFideId "300179"]
[EventDate "2014.07.18"]

1. d4 c5 2. d5 g6 3. c4 d6 4. e4 Bg7 5. Nc3 e5 6. dxe6 Bxe6 7. Nb5 a6 8. Nxd6+
Ke7 9. Bg5+ f6 10. Bf4 Bh6 11. Bxh6 Nxh6 12. e5 fxe5 13. Qd2 Nf7 14. Nxf7 Qxd2+
15. Kxd2 Kxf7 16. Nf3 Kf6 17. Bd3 Nc6 18. Be4 Rad8+ 19. Kc3 Nd4 20. Nxd4 Rxd4
21. Bd3 Rhd8 22. Be2 Bd7 23. Rhd1 Bc6 24. f3 b5 25. b3 e4 26. a3 exf3 27. gxf3
Re8 28. Rxd4 cxd4+ 29. Kd2 Re3 30. cxb5 axb5 31. b4 Ke5 32. Rc1 Bxf3 33. Bd3 Be4
34. Rc5+ Kf4 35. Bxe4 Kxe4 36. Rxb5 Rxa3 37. h4 Ra2+ 38. Kc1 Rh2 39. h5 Rxh5 40.
Rxh5 gxh5 41. b5 Kd5 42. Kd2 h4 43. Kd3 h3 44. b6 Kc6 45. Kxd4 h2 0-1

[Event "25th Czech Open A 2014"]
[Site "Pardubice CZE"]
[Date "2014.07.20"]
[Round "3.70"]
[White "Chlost, Marlena"]
[Black "Dauth, Benjamin"]
[Result "1-0"]
[WhiteTitle "WFM"]
[BlackTitle "FM"]
[WhiteElo "2142"]
[BlackElo "2349"]
[WhiteFideId "1122657"]
[BlackFideId "4688104"]
[EventDate "2014.07.18"]

1. e4 c6 2. d4 d5 3. Nc3 dxe4 4. Nxe4 Nd7 5. Ng5 Ngf6 6. Bd3 Nb6 7. N1f3 Bg4 8.
h3 Bxf3 9. Nxf3 e6 10. O-O Bd6 11. c4 c5 12. b4 cxd4 13. c5 O-O 14. cxd6 Qxd6
15. a3 e5 16. Re1 Rfe8 17. Nd2 Nbd5 18. Bb2 Nf4 19. Ne4 Nxe4 20. Bxe4 Qd7 21.
Qg4 Qxg4 22. hxg4 Rac8 23. g3 Ne6 24. Rac1 b6 25. Rxc8 Rxc8 26. Bf5 Rc6 27. Bxe6
fxe6 28. Rc1 Rxc1+ 29. Bxc1 e4 30. f3 e3 31. f4 Kf7 32. Kf1 e5 33. Ke2 Ke6 34.
Kd3 exf4 35. gxf4 Kd5 36. Bb2 e2 37. Kxe2 Ke4 38. Bc1 g6 39. f5 gxf5 40. gxf5
Kxf5 41. Kd3 Ke5 42. Bb2 Kd5 43. Bxd4 h6 44. a4 h5 45. Bf2 a6 46. Bxb6 h4 47.
Bg1 h3 48. Kc3 Kd6 49. Kc4 Kc6 50. b5+ Kd6 51. Bh2+ Kd7 52. b6 Kc6 53. a5 Kb7
54. Kd5 Ka8 55. Kd6 Kb7 56. Kd7 Ka8 57. Bf4 Kb7 58. Bg3 1-0

[Event "25th Czech Open A 2014"]
[Site "Pardubice CZE"]
[Date "2014.07.20"]
[Round "3.71"]
[White "Camarena Gimenez, Rufino"]
[Black "Hoerr, Matthias"]
[Result "1/2-1/2"]
[WhiteTitle "IM"]
[WhiteElo "2343"]
[BlackElo "2141"]
[WhiteFideId "2211106"]
[BlackFideId "4681398"]
[EventDate "2014.07.18"]

1. d4 Nf6 2. c4 e6 3. Nf3 b6 4. a3 Bb7 5. Nc3 d5 6. cxd5 Nxd5 7. Qc2 Be7 8. e4
Nxc3 9. bxc3 O-O 10. Bd3 c5 11. Qe2 Qc8 12. O-O Ba6 13. Rd1 Bxd3 14. Rxd3 Nd7
15. e5 Re8 16. Bg5 Nf8 17. h4 Qa6 18. h5 h6 19. Bxe7 Rxe7 20. Ne1 cxd4 21. cxd4
Rc8 22. Qg4 Rec7 23. Rg3 g6 24. hxg6 Nxg6 25. d5 exd5 26. e6 b5 27. Nd3 Kh7 28.
Ne5 Qa4 29. Qh5 Nxe5 30. Qxe5 fxe6 31. Re1 Qa5 32. Qxe6 Qxe1+ 33. Qxe1 Rc1 34.
Kf1 Rxe1+ 35. Kxe1 a5 36. Rb3 Rc5 37. Kd2 a4 38. Rb2 d4 39. Kd3 Rc3+ 40. Kxd4
Rxa3 41. Rxb5 Ra2 42. Ke3 Kg6 43. g4 a3 44. Ra5 Kf6 45. f4 Ra1 46. Ra6+ Ke7 47.
Ke4 a2 48. Kf5 Kd7 49. Ra3 Ke7 50. Re3+ Kf8 51. Re2 Kf7 52. Rb2 Ke7 53. Rb7+ Kd6
54. Ra7 Kd5 55. Kg6 h5 56. gxh5 Rg1+ 57. Kf6 a1=Q+ 58. Rxa1 Rxa1 59. h6 Rh1 60.
Kg7 Rg1+ 61. Kf6 Rh1 62. Kg7 Ke6 63. h7 Rg1+ 64. Kf8 Rh1 65. Kg7 Kf5 66. h8=Q
Rxh8 67. Kxh8 Kxf4 1/2-1/2

[Event "25th Czech Open A 2014"]
[Site "Pardubice CZE"]
[Date "2014.07.20"]
[Round "3.73"]
[White "Gheng, Josef"]
[Black "Pekar, Vaclav"]
[Result "1-0"]
[WhiteTitle "FM"]
[WhiteElo "2336"]
[BlackElo "2141"]
[WhiteFideId "4618041"]
[BlackFideId "323799"]
[EventDate "2014.07.18"]

1. c4 f5 2. Nc3 Nf6 3. g3 e6 4. Bg2 Be7 5. d3 O-O 6. e4 fxe4 7. dxe4 Nc6 8. Nge2
Ng4 9. Nf4 Nxf2 10. Kxf2 e5 11. Bf3 g5 12. Kg2 gxf4 13. gxf4 exf4 14. Rg1 d6 15.
Kh1+ Kh8 16. Nd5 Be6 17. Bg4 Bxd5 18. cxd5 Ne5 19. Bf5 f3 20. Bf4 Bf6 21. Rg3 c5
22. Rh3 Rf7 23. Bxe5 Bxe5 24. Qxf3 Bxb2 25. Rg1 Qf6 26. Qh5 Rg8 27. Qxh7+ 1-0

[Event "25th Czech Open A 2014"]
[Site "Pardubice CZE"]
[Date "2014.07.20"]
[Round "3.74"]
[White "Yefimov, Mstislav"]
[Black "Muhammad, Luthfi Ali"]
[Result "0-1"]
[BlackTitle "FM"]
[WhiteElo "2138"]
[BlackElo "2336"]
[WhiteFideId "24122386"]
[BlackFideId "7103743"]
[EventDate "2014.07.18"]

1. d4 Nf6 2. c4 g6 3. Nc3 Bg7 4. e4 d6 5. Be2 O-O 6. Bg5 Na6 7. f4 c6 8. Nf3 Nc7
9. Qd2 d5 10. cxd5 cxd5 11. e5 Ne4 12. Qe3 Nxg5 13. Nxg5 f6 14. Nf3 Bh6 15. O-O
Ne6 16. g3 Ng7 17. Rfc1 Kh8 18. Nb5 Bg4 19. Qb3 Ne6 20. Rd1 fxe5 21. dxe5 Bxf4
22. Rxd5 Qb6+ 23. Nbd4 Nc7 24. Rb5 Nxb5 25. Qxb5 Be3+ 0-1

[Event "25th Czech Open A 2014"]
[Site "Pardubice CZE"]
[Date "2014.07.20"]
[Round "3.75"]
[White "Rozhkov, Viacheslav"]
[Black "Rodionova, Polina"]
[Result "1-0"]
[WhiteTitle "FM"]
[BlackTitle "WFM"]
[WhiteElo "2327"]
[BlackElo "2138"]
[WhiteFideId "4181484"]
[BlackFideId "24102555"]
[EventDate "2014.07.18"]

1. e4 e5 2. Nf3 Nc6 3. Nc3 Nf6 4. d4 exd4 5. Nxd4 Bb4 6. Nxc6 bxc6 7. Bd3 O-O 8.
O-O d5 9. exd5 cxd5 10. h3 c6 11. Qf3 Bd6 12. Bf4 Rb8 13. b3 Re8 14. Rfe1 Be6
15. Ne2 c5 16. Rad1 Bxf4 17. Nxf4 Qa5 18. Nxe6 fxe6 19. Qg3 Rbd8 20. c3 Qb6 21.
Re5 c4 22. Bc2 Qa6 23. Rd2 Kh8 24. Rde2 cxb3 25. axb3 Ne4 26. Qe3 Qa1+ 27. Kh2
Qxc3 28. Rxe4 Qc7+ 29. Re5 d4 30. Qd3 g6 31. g3 Qd6 32. h4 Rc8 33. Qe4 Rc3 34.
Bd3 Rxb3 35. h5 1-0

[Event "25th Czech Open A 2014"]
[Site "Pardubice CZE"]
[Date "2014.07.20"]
[Round "3.76"]
[White "Krapivin, Vladislav"]
[Black "Debevec, Blaz"]
[Result "1-0"]
[WhiteTitle "IM"]
[WhiteElo "2321"]
[BlackElo "2136"]
[WhiteFideId "4126149"]
[BlackFideId "14605813"]
[EventDate "2014.07.18"]

1. e4 Nf6 2. e5 Nd5 3. d4 d6 4. Nf3 g6 5. Bc4 Nb6 6. Bb3 Bg7 7. a4 a5 8. exd6
cxd6 9. O-O O-O 10. h3 Nc6 11. Re1 d5 12. c3 h6 13. Na3 Bf5 14. Nc2 Bxc2 15.
Qxc2 e6 16. Bf4 Nc8 17. Qd2 Kh7 18. h4 Nd6 19. Bc2 Qd7 20. h5 f5 21. hxg6+ Kxg6
22. Qe3 Rae8 23. Nh4+ Kh7 24. Qg3 Nf7 25. Qg6+ Kh8 26. Nxf5 Ng5 27. Bxg5 exf5
28. Bxh6 Rxe1+ 29. Rxe1 Qf7 30. Bxg7+ Qxg7 31. Qh5+ Qh7 32. Qxh7+ Kxh7 33. g4
Kh6 34. Bxf5 Kg5 35. Kg2 Kf4 36. Re3 Rb8 37. Bd7 Rd8 38. Rf3+ Kg5 39. Rf5+ Kxg4
40. Rxd5+ Kf4 41. Bxc6 Rg8+ 42. Kf1 bxc6 43. Rxa5 Rh8 44. Ke2 Rh1 1-0

[Event "25th Czech Open A 2014"]
[Site "Pardubice CZE"]
[Date "2014.07.20"]
[Round "3.77"]
[White "Braeuer, Franz"]
[Black "Motycakova, Monika"]
[Result "1-0"]
[BlackTitle "WFM"]
[WhiteElo "2317"]
[BlackElo "2108"]
[WhiteFideId "24634468"]
[BlackFideId "14909626"]
[EventDate "2014.07.18"]

1. e4 e5 2. Nf3 Nc6 3. d4 exd4 4. Nxd4 Bc5 5. Be3 Qf6 6. c3 Qg6 7. f3 Nge7 8.
Qd2 O-O 9. b4 Bb6 10. Nb5 Bxe3 11. Qxe3 d5 12. Nxc7 dxe4 13. fxe4 Rb8 14. Nd2 a6
15. Be2 Qd6 16. Nd5 Nxd5 17. exd5 Qxd5 18. O-O Ne5 19. Rad1 Qe6 20. Nb3 Ng6 21.
Qxe6 Bxe6 22. Nc5 Bxa2 23. Nd7 Rbe8 24. Nxf8 Rxe2 25. Nxg6 hxg6 26. Rf2 Rxf2 27.
Kxf2 Be6 28. Rd8+ Kh7 29. Ke3 g5 30. Kd4 Kg6 31. c4 Kf5 32. Rb8 b5 33. cxb5 axb5
34. Rxb5+ Kf4 35. Rc5 g4 36. b5 g3 37. hxg3+ Kxg3 38. b6 1-0

[Event "25th Czech Open A 2014"]
[Site "Pardubice CZE"]
[Date "2014.07.20"]
[Round "3.78"]
[White "Marutkins, Olegs"]
[Black "Nayhebaver, Martin"]
[Result "0-1"]
[WhiteElo "2081"]
[BlackElo "2307"]
[WhiteFideId "11600012"]
[BlackFideId "14923432"]
[EventDate "2014.07.18"]

1. e4 c5 2. Nf3 d6 3. d4 cxd4 4. Nxd4 Nf6 5. Nc3 a6 6. Be3 e5 7. Nb3 Be7 8. f3
Be6 9. Qd2 O-O 10. O-O-O a5 11. Kb1 a4 12. Nc1 a3 13. b3 Ra5 14. Na4 Rxa4 15.
bxa4 d5 16. Bg5 Nxe4 17. fxe4 Bxg5 18. Qc3 d4 19. Qxa3 Nd7 20. Bb5 Be7 21. Qg3
Qc7 22. Rxd4 Nc5 23. Nd3 Qb6 24. Qxe5 f6 25. Qg3 Nxa4 26. Rxa4 Bd6 27. Qe1 Qxb5+
28. Rb4 Bxb4 29. Qxb4 Qc6 30. Re1 Bxa2+ 31. Kb2 Rc8 32. c3 Bc4 33. Nc1 Qd7 34.
Nb3 Bf7 35. Re2 Rc4 36. Qb6 Rc6 37. Qd4 Rd6 38. Qc5 Rd1 39. Qa5 h6 40. Nd4 Bc4
41. Rf2 Rxd4 0-1

[Event "25th Czech Open A 2014"]
[Site "Pardubice CZE"]
[Date "2014.07.20"]
[Round "3.79"]
[White "Kutynec, Vladimir"]
[Black "Istona, Martin"]
[Result "1-0"]
[WhiteTitle "IM"]
[WhiteElo "2305"]
[BlackElo "2106"]
[WhiteFideId "4119843"]
[BlackFideId "14923475"]
[EventDate "2014.07.18"]

1. Nf3 Nf6 2. c4 g6 3. Nc3 Bg7 4. e4 d6 5. d4 O-O 6. Be2 e5 7. O-O Nc6 8. d5 Ne7
9. Ne1 Nd7 10. b4 f5 11. f3 f4 12. c5 g5 13. Nd3 Ng6 14. a4 Nf6 15. Nf2 h5 16.
a5 Rf7 17. a6 b6 18. Bb5 g4 19. Bc6 g3 20. Bxa8 Nh7 21. hxg3 fxg3 22. Nh1 Nf4
23. Bb7 Bh3 24. gxh3 Ng5 25. Bxf4 Nxh3+ 26. Kg2 Nxf4+ 27. Kxg3 Qg5+ 28. Kf2 Nh3+
29. Ke2 Kh7 30. Kd3 Bh6 31. Bc8 Qe3+ 32. Kc2 Ng5 33. Bf5+ Kh8 34. Qd3 Qf4 35.
Ne2 1-0

[Event "25th Czech Open A 2014"]
[Site "Pardubice CZE"]
[Date "2014.07.20"]
[Round "3.80"]
[White "Dorst, Johannes"]
[Black "Sedy, Pavel"]
[Result "1-0"]
[WhiteElo "2299"]
[BlackElo "2079"]
[WhiteFideId "4650433"]
[BlackFideId "318884"]
[EventDate "2014.07.18"]

1. e4 e5 2. Nf3 Nc6 3. Bb5 a6 4. Bxc6 dxc6 5. O-O Bd6 6. d4 exd4 7. Qxd4 f6 8.
Re1 Qe7 9. e5 Bc5 10. Qf4 f5 11. e6 Nh6 12. h3 O-O 13. Qc4 b5 14. Qe2 Re8 15.
Ng5 Bd4 16. Qf3 Rb8 17. Qg3 c5 18. Nc3 Bb7 19. Bf4 Rbc8 20. Nf3 Bxf3 21. Qxf3 c6
22. Re2 Qf6 23. Rae1 Kh8 24. Nd1 Qg6 25. Qa3 Ng8 26. c3 b4 27. Qxa6 Bf6 28. Qc4
Be7 29. Be3 Nf6 30. Bxc5 Bxc5 31. Qxc5 Nd5 32. Qc4 f4 33. Qe4 Ra8 34. Qxg6 hxg6
35. c4 f3 36. Re4 Nf6 37. Rh4+ Kg8 38. gxf3 Rxa2 39. Rd4 Ra1 40. Kf1 Kf8 41. Rd6
Rc8 42. Ne3 Ra5 43. Ng4 Ke7 44. Rd3 Rd8 45. Rxd8 Kxd8 46. Ne5 Rc5 47. b3 g5 48.
Nd3 Rf5 49. Nxb4 c5 50. Nd3 Rxf3 51. Nxc5 Rxh3 52. Kg2 Rc3 53. Re3 Rc2 54. e7+
Ke8 55. Ne6 Kf7 56. Nxg5+ Ke8 57. Ne6 Kf7 58. Nc7 Ne8 59. Nxe8 Kxe8 60. Kg3 1-0

[Event "25th Czech Open A 2014"]
[Site "Pardubice CZE"]
[Date "2014.07.20"]
[Round "3.81"]
[White "Tokranovs, Dmitrijs"]
[Black "Zhylkaidarova, Sholpan"]
[Result "1/2-1/2"]
[WhiteElo "2297"]
[BlackElo "2069"]
[WhiteFideId "11603011"]
[BlackFideId "13700138"]
[EventDate "2014.07.18"]

1. e4 c5 2. c3 e6 3. d4 d5 4. exd5 exd5 5. Nf3 Nc6 6. Be2 Bd6 7. dxc5 Bxc5 8.
Nbd2 Nge7 9. Nb3 Bb6 10. O-O O-O 11. h3 Ng6 12. Qc2 Qc7 13. Rd1 Bxh3 14. Nfd4
Be6 15. Be3 Nce5 16. Nb5 Qd8 17. Bxb6 Qxb6 18. N5d4 Ng4 19. Rd3 Nf6 20. Re3 Bd7
21. Bd3 Qc7 22. Bf5 Rae8 23. Rae1 Rxe3 24. Rxe3 Re8 25. Rxe8+ Bxe8 26. Bxg6 hxg6
27. Qe2 Kf8 28. Nf3 Ne4 29. Qe3 b6 30. Ng5 Qe5 31. Nh3 Bd7 32. Nf4 g5 33. Nd3
Qf6 34. Nb4 Be6 35. Nc6 g4 36. Nxa7 Bd7 37. Nd4 g3 38. fxg3 Qg6 39. Qd3 Qg4 40.
Ne2 Qf5 41. Qf3 Qe5 42. Qf4 Qe8 43. Kf1 g5 44. Qc7 Nd2+ 45. Kf2 Nc4 46. Kg1 Bg4
47. Nd4 Nd2 48. Nc2 Nc4 49. b3 Ne3 50. Nxe3 Qxe3+ 51. Kh2 Qd2 52. Qxb6 Bf3 53.
Qg1 g4 54. Qf1 Qxa2 55. Nc6 Qd2 56. Nd4 Be4 57. Ne6+ Ke7 58. Nf4 Qxc3 59. Qd1 d4
60. Ne2 Qb2 61. Qe1 d3 62. Nf4 Qh8+ 63. Kg1 Qd4+ 64. Qf2 Qd6 65. Qd2 f5 66. Kf2
Qb6+ 67. Qe3 Qxb3 68. Qc5+ Kd7 69. Qd4+ Kc6 70. Ke3 Qc2 71. Nxd3 Bxd3 1/2-1/2

[Event "25th Czech Open A 2014"]
[Site "Pardubice CZE"]
[Date "2014.07.20"]
[Round "3.82"]
[White "Klukin, Kirill"]
[Black "Jacko, Vladimir2"]
[Result "1/2-1/2"]
[BlackTitle "FM"]
[WhiteElo "2067"]
[BlackElo "2296"]
[WhiteFideId "24199273"]
[BlackFideId "14915928"]
[EventDate "2014.07.18"]

1. d4 Nf6 2. Nf3 e6 3. c4 b6 4. Nc3 Bb4 5. Bg5 Bb7 6. Nd2 h6 7. Bh4 Nc6 8. e3 g5
9. Bg3 Ne7 10. f3 Nf5 11. Bf2 c5 12. Bd3 cxd4 13. exd4 Ng7 14. Qb3 Qe7 15. O-O-O
Rc8 16. Kb1 Bxc3 17. bxc3 d5 18. Rhe1 O-O 19. cxd5 Nxd5 20. Rc1 Rfd8 21. Ka1 Nf4
22. Bf1 Bd5 23. c4 Bb7 24. g3 Ng6 25. Bd3 Qf6 26. Be4 Bxe4 27. Nxe4 Qe7 28. Qb2
f5 29. Nd2 Qf6 30. Nb3 Ne7 31. d5 Qxb2+ 32. Kxb2 Ng6 33. dxe6 Re8 34. Nd4 a6 35.
Rc3 Nf8 36. Re5 Nfxe6 37. Nxe6 Nxe6 38. Bxb6 f4 39. Bf2 fxg3 40. hxg3 Kf7 41. c5
Red8 42. Re2 h5 43. Be3 Rd5 44. c6 h4 45. gxh4 gxh4 46. Rh2 Rh5 47. Bf2 h3 48.
f4 Rch8 49. c7 Rc8 50. Rhxh3 Rxh3 51. Rxh3 Nxc7 52. Rh7+ Kg6 53. Rd7 Kf5 1/2-1/2

[Event "25th Czech Open A 2014"]
[Site "Pardubice CZE"]
[Date "2014.07.20"]
[Round "3.83"]
[White "Spalir, Jernej"]
[Black "Chovan, Milan"]
[Result "1/2-1/2"]
[WhiteTitle "FM"]
[WhiteElo "2289"]
[BlackElo "2049"]
[WhiteFideId "14606518"]
[BlackFideId "14933691"]
[EventDate "2014.07.18"]

1. d4 d5 2. c4 c6 3. Nc3 Nf6 4. Nf3 e6 5. Bg5 dxc4 6. e4 b5 7. e5 h6 8. Bh4 g5
9. Nxg5 hxg5 10. Bxg5 Nbd7 11. g3 Bb7 12. Bg2 Qb6 13. exf6 c5 14. d5 O-O-O 15.
O-O b4 16. Rb1 Qa6 17. dxe6 Bxg2 18. e7 Bxf1 19. Kxf1 Qc6 20. exd8=Q+ Kxd8 21.
Nd5 Rxh2 22. Kg1 Rh8 23. Rc1 Bh6 24. Bxh6 Rxh6 25. Rxc4 Qe6 26. Rg4 Kc8 27. Rg8+
Kb7 28. Ne3 Qc6 29. Qd5 Qxd5 30. Nxd5 Nxf6 31. Rd8 Nxd5 32. Rxd5 Rc6 33. Kf1 Kb6
34. Ke2 c4 35. g4 a5 36. f4 Rc5 37. Rd7 Rc7 38. Rd8 Re7+ 39. Kd2 Kc5 40. Ra8 Kb5
41. Rf8 Kc5 42. f5 Kd4 43. f6 Re4 44. Rxf7 Rxg4 45. Rg7 Rf4 46. f7 Rf2+ 47. Ke1
Rf6 48. Ke2 a4 49. Rg4+ Kc5 50. Rg5+ Kd4 51. Rb5 Rxf7 52. Rxb4 Rh7 53. a3 Rh2+
54. Ke1 Ke3 55. Kf1 1/2-1/2

[Event "25th Czech Open A 2014"]
[Site "Pardubice CZE"]
[Date "2014.07.20"]
[Round "3.84"]
[White "Dourerassou, Jonathan"]
[Black "Ptacek, Tomas"]
[Result "1-0"]
[WhiteTitle "IM"]
[WhiteElo "2515"]
[BlackElo "2008"]
[WhiteFideId "628050"]
[BlackFideId "349119"]
[EventDate "2014.07.18"]

1. e4 c5 2. Nc3 Nc6 3. f4 e6 4. Nf3 a6 5. g3 Nge7 6. Bg2 g6 7. e5 d5 8. exd6 Nf5
9. Ne5 Nxe5 10. fxe5 Bg7 11. Ne4 Bxe5 12. Nxc5 Qxd6 13. Ne4 Qb6 14. c3 O-O 15.
d4 Bg7 16. Qe2 Bd7 17. a4 Rac8 18. Qf2 e5 19. d5 Qxf2+ 20. Kxf2 Ne7 21. Nd6 Rb8
22. Be3 f5 23. Ba7 Ra8 24. Bc5 Rab8 25. Nc4 Rfe8 26. Bd6 Rbc8 27. Nxe5 Rcd8 28.
Nc4 b5 29. Nb6 bxa4 30. Bc7 1-0

[Event "25th Czech Open A 2014"]
[Site "Pardubice CZE"]
[Date "2014.07.20"]
[Round "3.85"]
[White "Cherednichenko, Elena"]
[Black "Jovanic, Ognjen"]
[Result "0-1"]
[WhiteTitle "WFM"]
[BlackTitle "GM"]
[WhiteElo "2182"]
[BlackElo "2482"]
[WhiteFideId "14105560"]
[BlackFideId "14504081"]
[EventDate "2014.07.18"]

1. d4 Nf6 2. Nf3 g6 3. Bf4 Bg7 4. e3 O-O 5. Be2 d6 6. h3 Nc6 7. O-O Nd7 8. e4 e5
9. dxe5 Ncxe5 10. Nxe5 Nxe5 11. Nc3 Be6 12. Rb1 Re8 13. Re1 Nd7 14. Nd5 c6 15.
Nc3 Ne5 16. a3 Qe7 17. Qd2 Rad8 18. Bg5 f6 19. Be3 a6 20. Qc1 f5 21. exf5 Bxf5
22. Bg5 Bf6 23. Bxf6 Qxf6 24. Qd2 d5 25. Na4 Re7 26. Nc5 Rde8 27. Kf1 Rf8 28. f3
Qh4 29. Nd3 Nc4 30. Qb4 a5 31. Qc3 Bxh3 32. Bd1 Bf5 33. Rxe7 Qxe7 34. Qe1 Ne3+
35. Kg1 Re8 36. Qf2 Qg5 37. f4 Qe7 38. Ne5 d4 39. Qd2 c5 40. Nf3 Be4 41. b4 Nc4
42. Qc1 cxb4 43. axb4 axb4 44. Be2 b5 45. Bxc4+ bxc4 46. Nxd4 b3 47. Rb2 Qd7 48.
c3 Bd3 49. Qd2 Qg4 50. Qc1 Qg3 51. Nf3 Re4 52. f5 gxf5 53. Rf2 Re8 54. Nd4 Qe3
55. Qxe3 Rxe3 56. Rd2 Be4 57. Nb5 Rd3 58. Rb2 Rd1+ 59. Kf2 Ra1 60. Nd6 Bd3 61.
Ke3 Ra2 0-1

[Event "25th Czech Open A 2014"]
[Site "Pardubice CZE"]
[Date "2014.07.20"]
[Round "3.86"]
[White "Hansen, Mads"]
[Black "Marusenko, Petr"]
[Result "0-1"]
[WhiteTitle "FM"]
[BlackTitle "IM"]
[WhiteElo "2350"]
[BlackElo "2207"]
[WhiteFideId "1401610"]
[BlackFideId "14100606"]
[EventDate "2014.07.18"]

1. e4 c6 2. d4 d5 3. e5 c5 4. c4 e6 5. Nf3 Nc6 6. cxd5 exd5 7. Nc3 cxd4 8. Nxd4
Bc5 9. Bb5 Ne7 10. Be3 Bb6 11. f4 O-O 12. Qd2 Nxd4 13. Bxd4 Bxd4 14. Qxd4 Nf5
15. Qd2 d4 16. Nd1 Qb6 17. Bd3 Ne3 18. Kf2 Bf5 19. Bxf5 Nxf5 20. Re1 Rac8 21.
Kg1 d3+ 22. Kh1 Rfd8 23. Nc3 h5 24. Re4 h4 25. Rae1 Rc6 26. e6 Rxe6 27. Rxe6
fxe6 28. Ne4 h3 29. gxh3 Qc6 30. Kg1 Rd4 31. Ng5 Nh4 32. Re3 Qc2 33. Rxe6 Rd8
34. Re2 Qc5+ 35. Rf2 Re8 36. Kf1 Nf5 37. Nf3 Ne3+ 38. Kg1 Rd8 39. b4 Qb6 40. Ne5
Qd4 0-1

[Event "25th Czech Open A 2014"]
[Site "Pardubice CZE"]
[Date "2014.07.20"]
[Round "3.87"]
[White "Pershin, Denis"]
[Black "Bruedigam, Martin"]
[Result "0-1"]
[BlackTitle "FM"]
[WhiteElo "2171"]
[BlackElo "2328"]
[WhiteFideId "24165506"]
[BlackFideId "24608033"]
[EventDate "2014.07.18"]

1. e4 c6 2. d4 d5 3. exd5 cxd5 4. c4 Nf6 5. Nc3 Nc6 6. Nf3 Bg4 7. Bg5 Ne4 8. Be3
e6 9. Qb3 Bb4 10. Bd3 O-O 11. O-O dxc4 12. Bxc4 Bxc3 13. bxc3 Na5 14. Qc2 Bxf3
15. gxf3 Nxc4 16. Qxe4 b6 17. Kh1 Rc8 18. Rg1 Nxe3 19. Qxe3 Qf6 20. Rg4 Rc4 21.
Rf4 Qh6 22. Rg1 g6 23. Rgg4 Rfc8 24. Qe5 Qg7 25. Rf6 Rxc3 26. Rgf4 R3c7 27. Qd6
Qh6 28. Kg2 Qg5+ 29. Kh3 Qh5+ 30. Kg2 Qg5+ 31. Kh3 Qb5 32. Kg2 Rd7 33. Qe5 Qxe5
34. dxe5 Rc5 35. Re4 Rc2 36. Ra4 a5 37. Ra3 Rdd2 38. Rb3 Rxf2+ 39. Kg3 Rg2+ 40.
Kf4 Rce2 0-1

[Event "25th Czech Open A 2014"]
[Site "Pardubice CZE"]
[Date "2014.07.20"]
[Round "3.88"]
[White "Rjabzev, Konstantin"]
[Black "Karasek, Lukas"]
[Result "1-0"]
[WhiteTitle "IM"]
[WhiteElo "2308"]
[BlackElo "2199"]
[WhiteFideId "4150015"]
[BlackFideId "325031"]
[EventDate "2014.07.18"]

1. e4 c5 2. Nf3 d6 3. c3 Nf6 4. h3 Nbd7 5. Bd3 b6 6. O-O Bb7 7. Re1 Qc7 8. Bc2
Rc8 9. d3 e6 10. Bf4 Be7 11. Nbd2 O-O 12. Rc1 Rfe8 13. d4 e5 14. Bh2 Bf8 15.
dxe5 dxe5 16. Qe2 c4 17. Red1 b5 18. Nf1 Nc5 19. Ng3 Bc6 20. b4 cxb3 21. axb3
Qb7 22. Re1 a5 23. Ra1 Ra8 24. b4 axb4 25. Rxa8 Qxa8 26. cxb4 Ncd7 27. Rb1 Nb6
28. Bd3 Na4 29. Rc1 Bxb4 30. Nf5 Ba3 31. Ra1 Bb2 32. Rxa4 bxa4 33. Qxb2 Bxe4 34.
Bxe4 Qxe4 35. Nd6 Qd3 36. Bxe5 a3 37. Qa2 Re6 38. Ng5 Qd1+ 39. Kh2 Qd5 40. Qxd5
Nxd5 41. Nxe6 fxe6 42. Nc4 1-0

[Event "25th Czech Open A 2014"]
[Site "Pardubice CZE"]
[Date "2014.07.20"]
[Round "3.89"]
[White "Priasmoro, Novendra"]
[Black "Makka, Ioulia"]
[Result "1/2-1/2"]
[BlackTitle "WIM"]
[WhiteElo "2282"]
[BlackElo "2185"]
[WhiteFideId "7105029"]
[BlackFideId "4205316"]
[EventDate "2014.07.18"]

1. e4 c6 2. d4 d5 3. Nd2 dxe4 4. Nxe4 Bf5 5. Ng3 Bg6 6. h4 h6 7. Nf3 Nd7 8. h5
Bh7 9. Bd3 Bxd3 10. Qxd3 e6 11. Bd2 Ngf6 12. O-O-O Be7 13. Kb1 c5 14. Qe2 O-O
15. d5 Nxd5 16. Ne4 Qb6 17. g4 N7f6 18. Ne5 Nxe4 19. Qxe4 Rad8 20. f4 Rfe8 21.
Ka1 Nf6 22. Qf3 Nd7 23. Nc4 Qb5 24. b3 Bf6+ 25. Kb1 Nb6 26. Nxb6 axb6 27. g5
hxg5 28. fxg5 Be5 29. h6 Qc6 30. Qh3 Rd7 31. Bc3 Bxc3 32. Qxc3 Rxd1+ 33. Rxd1 e5
34. Qg3 c4 35. Qh4 b5 36. Rh1 g6 37. Rf1 c3 38. h7+ Kh8 39. Rxf7 Qd6 40. Qe1 b4
41. a4 e4 42. Rf6 Re6 43. Qf1 Rxf6 44. gxf6 Kxh7 45. Qh3+ Kg8 46. Qc8+ Kf7 47.
Qxb7+ Kxf6 48. Qxe4 g5 49. Ka2 Qd2 50. a5 g4 51. a6 Qc1 52. Qd4+ Kg5 53. Qe5+
Kh4 54. Qh2+ Kg5 55. Qe5+ Kg6 56. Qe6+ Kg5 1/2-1/2

[Event "25th Czech Open A 2014"]
[Site "Pardubice CZE"]
[Date "2014.07.20"]
[Round "3.90"]
[White "Sochacki, Wojtek"]
[Black "Moravec, Vit"]
[Result "1-0"]
[WhiteTitle "FM"]
[WhiteElo "2281"]
[BlackElo "2188"]
[WhiteFideId "651389"]
[BlackFideId "331481"]
[EventDate "2014.07.18"]

1. e4 e6 2. d4 d5 3. Nc3 Bb4 4. e5 b6 5. Qg4 Bf8 6. h4 Qd7 7. h5 h6 8. Be3 Ba6
9. Bxa6 Nxa6 10. Rh3 O-O-O 11. Rf3 Rh7 12. Rf4 Bb4 13. Ne2 f5 14. Qf3 Ne7 15.
Rh4 Rhh8 16. O-O-O Nc6 17. Nb1 Na5 18. b3 Kb8 19. Rh3 Rhe8 20. Nf4 Bf8 21. Qe2
Kb7 22. Ng6 Rc8 23. Nxf8 Rxf8 24. Bd2 Nc6 25. c3 Ne7 26. Na3 c6 27. Kb2 Nc7 28.
f4 a6 29. Be3 Rf7 30. Bf2 Nb5 31. Nc2 Nc7 32. a4 Ra8 33. a5 b5 34. Nb4 Rg8 35.
Nd3 Ka7 36. Ka2 Qe8 37. Be3 g6 38. hxg6 Rxg6 39. Rdh1 Ng8 40. g3 Rfg7 41. Bf2
Qd8 42. Kb1 Ne8 43. Qa2 Qe7 44. Rc1 Qd8 45. Be1 Ne7 46. Qa3 Nc7 47. Qc5+ Ka8 48.
Nb4 Qb8 49. Nxc6 Nxc6 50. Qxc6+ Qb7 51. Qd6 Ne8 52. Qa3 b4 53. Qxb4 Qxb4 54.
cxb4 Nc7 55. Rc6 Kb7 56. Rb6+ Ka7 57. Rc6 Kb7 58. Rc5 Nb5 59. Bf2 Rc7 60. Kc2
Kc8 61. Kd3 Kd7 62. Rh1 Rc6 63. Ke3 Rc7 64. Kf3 Ke7 65. Rh4 Kf7 66. Be3 Ke8 67.
Rh2 Kd8 68. Bf2 Ke8 69. Rh4 Kd8 70. g4 fxg4+ 71. Rxg4 Rxg4 72. Kxg4 Rg7+ 73. Kh3
Kd7 74. Be3 Rf7 75. Rc1 Rg7 76. Rg1 Rxg1 77. Bxg1 Ke7 78. Kg4 Kf7 79. f5 Nc3 80.
Be3 Nb5 81. Bg1 Nc3 82. Bf2 Nb5 83. Be3 h5+ 84. Kg5 h4 85. fxe6+ Kxe6 86. Kxh4
Kf5 87. Kh5 Ke6 88. Kg6 Nc7 89. Kg7 Nb5 90. Kf8 Nc7 91. b5 axb5 92. Bf2 Na6 93.
Be1 Nb8 94. Bb4 Nc6 95. a6 Kd7 96. Bc5 Kc7 97. e6 1-0